| 000 | 00606nam a2200205 a 4500 | ||
|---|---|---|---|
| 003 | PILC | ||
| 005 | 20180313161846.0 | ||
| 008 | 100719s19uu xx 00 eng d | ||
| 020 | _a0340571853 | ||
| 050 |
_aTX 911.3.M3 _b.K87 2003 |
||
| 082 |
_aHSF 647.940688 _bR54 1993 |
||
| 100 |
_aKotler, Robert. _912684 |
||
| 245 |
_aMarketing for the hospitality and tourism/ _cPhilip Kotler. |
||
| 250 | _a3rd ed. | ||
| 260 |
_aNJ : _bPearson, _c2003 |
||
| 300 |
_a893 pages : _billustration ; _c23 cm. |
||
| 500 | _aIncludes appendix. | ||
| 650 |
_aHospitality industry - Marketing _911054 |
||
| 942 |
_2lcc _cBK |
||
| 999 |
_c356288 _d356288 |
||